01303nam a22002177a 4500003000400000005001700004008004100021020001800062040001400080041000800094082001600102100002600118245010100144264004600245300004100291521063800332650003100970650002801001650002701029700002901056OSt20260512175145.0260512b ||||| |||| 00| 0 spa d a9788418714283 cCO-Mq BPB aspa a158.2bC17c aCarnegie, Daleeautor aCómo tener relaciones gratificantes, ganarse la confianza de los demás e influir en la gente aMadrid, España;bEdiciones Urano,c2023 a222 páginas;bTapa rustica,c21 cm aEn este libro, Dale Carnegie explica cómo desarrollar habilidades sociales y fortalecer las relaciones personales y profesionales. La obra parte de la idea de que el carisma y la capacidad de influir en los demás no son dones innatos, sino habilidades que pueden aprenderse y practicarse. A través de ejemplos cotidianos y consejos prácticos, el autor enseña cómo generar confianza, comunicarse mejor, manejar relaciones difíciles y crear vínculos basados en la empatía y la autenticidad. También aborda la importancia de la inteligencia emocional y de mantener una actitud positiva en las interacciones humanas. aRelaciones interpersonales aComunicación efectiva aInteligencia emocional aVentura, Luzetraductora